A history of Tamil literature with texts and translations from the earliest times to 600 A.D., (Record no. 83306)

MARC details
000 -LEADER
fixed length control field 01031cam a22002771 4500
001 - CONTROL NUMBER
control field sa 68010063
003 - CONTROL NUMBER IDENTIFIER
control field DLC
005 - DATE AND TIME OF LATEST TRANSACTION
control field 20260227112549.0
008 - FIXED-LENGTH DATA ELEMENTS--GENERAL INFORMATION
fixed length control field 710915s1968 ii ac b 000 0 eng
010 ## - LIBRARY OF CONGRESS CONTROL NUMBER
LC control number sa 68010063
025 ## - OVERSEAS ACQUISITION NUMBER
Overseas acquisition number PL480:I-E-10840
040 ## - CATALOGING SOURCE
Original cataloging agency DLC
Transcribing agency DLC
Modifying agency DLC
041 0# - LANGUAGE CODE
Language code of text/sound track or separate title engtam
043 ## - GEOGRAPHIC AREA CODE
Geographic area code a-ii---
050 00 - LIBRARY OF CONGRESS CALL NUMBER
Classification number PL4758
Item number .S6
082 00 - DEWEY DECIMAL CLASSIFICATION NUMBER
Classification number 894/.811/09
100 1# - MAIN ENTRY--PERSONAL NAME
Personal name Somasundaram Pillai, J. M.,
Dates associated with a name 1892-
245 12 - TITLE STATEMENT
Title A history of Tamil literature with texts and translations from the earliest times to 600 A.D.,
Statement of responsibility, etc. by J. M. Somasundaram Pillai. With a foreword and An introduction to a history of Tamil language by T. P. Meenakshisundaranar.
260 ## - PUBLICATION, DISTRIBUTION, ETC.
Place of publication, distribution, etc. Annamalainagar,
Date of publication, distribution, etc. 1968.
300 ## - PHYSICAL DESCRIPTION
Extent v, xxv, 424 p.
Other physical details illus., ports.
Dimensions 23 cm.
350 ## - PRICE (NR) (BK AM CF MU VM SE) [OBSOLETE]
Price Rs15.00
-- ($4.00)
500 ## - GENERAL NOTE
General note English and Tamil.
504 ## - BIBLIOGRAPHY, ETC. NOTE
Bibliography, etc. note Bibliography: p. [420]
650 #0 - SUBJECT ADDED ENTRY--TOPICAL TERM
Topical term or geographic name entry element Tamil literature
General subdivision History and criticism.
700 12 - ADDED ENTRY--PERSONAL NAME
Personal name Mīn̲āṭcicuntaran̲ār, Te. Po.,
Dates associated with a name 1901-1980.
Title of a work Introduction to a history of Tamil language.

No items available.

Powered by Koha